Visualizzazione normale
Vista MARC
- Tavera King Ben
di Personal Name
Records bibliografici associati: 1
001 - CONTROL NUMBER
- control field: 25364
003 - CONTROL NUMBER IDENTIFIER
- control field: IT-RoPau
005 - DATE AND TIME OF LATEST TRANSACTION
- control field: 20140516222857.0
008 - FIXED-LENGTH DATA ELEMENTS
- fixed length control field: 140516|| aca||aabn | a|a d
040 ## - CATALOGING SOURCE
- Original cataloging agency: IT-RoPau
- Transcribing agency: IT-RoPau
100 ## - HEADING--PERSONAL NAME
- Personal name: Tavera King Ben
- Dates associated with a name: Codice autore musica SPICS: 26382
- Relator term: Autore musica
- Name of part/section of a work: Cactus Blossom
670 ## - SOURCE DATA FOUND
- Source citation: Work cat.: (IT-RoPau)99810: AA.VV. 794, New Age Music Collection (Lp Hflp 401)